000 02011nam a22001697a 4500
999 _c192867
_d192867
005 20221007121339.0
010 _aENG-135337
020 _a9788129138798
_c500.00
035 _aEN-118869
037 _bDBAD/PUB
082 _a500
245 _aInvesting In A Green Future/
260 _aNew Delhi
_bRupa Publications India Pvt ltd
_c2015
270 _a7/16, Ansari Road, Daryaganj
_bNew Delhi
_e110002
300 _a96p.
_c30cm(hb)
942 _2ddc
_cEN
_mINV
_h333.7